Welcome to the Holygrace Academy Library

Please use search bar below to get started

MAGIC BALLERINA (Record no. 3179)

MARC details
000 -LEADER
fixed length control field 00431nam a22001697a 4500
020 ## - INTERNATIONAL STANDARD BOOK NUMBER
ISBN 978-0-00-728607-2
082 ## - DEWEY DECIMAL CLASSIFICATION NUMBER
Classification number 823
Item number BUS/M
100 ## - MAIN ENTRY--AUTHOR NAME
Personal name BUSSELL, DARCEY
245 ## - TITLE STATEMENT
Title MAGIC BALLERINA
246 ## - VARYING FORM OF TITLE
Title proper/short title ROSA AND THE SECRET PRINCESS
246 ## - VARYING FORM OF TITLE
Title proper/short title DELPHIE AND THE MAGIC BALLER SHOES
260 ## - PUBLICATION, DISTRIBUTION, ETC. (IMPRINT)
Place of publication LONDON
Name of publisher HARPER COLLINS CHILDREN'S BOOKS
Year of publication 2019
300 ## - PHYSICAL DESCRIPTION
Number of Pages 90
520 ## - SUMMARY, ETC.
Summary, etc SHORT STORY
650 ## - SUBJECT ADDED ENTRY--TOPICAL TERM
Topical Term SHORT STORY
942 ## - ADDED ENTRY ELEMENTS (KOHA)
Koha item type Books
Holdings
Withdrawn status Lost status Collection code Home library Current library Shelving location Date acquired Source of acquisition Full call number Accession Number Koha item type
    Fiction Main Library Main Library SHELF 4-G FAIRY TALES,COMICS 03/10/2019 Purchase 823 BUS/M 11542 Books
    Fiction Main Library Main Library SHELF 4-G FAIRY TALES,COMICS 22/03/2014 Purchase 823 BUS/M 08142 Books
    Fiction Main Library Main Library SHELF 4-G FAIRY TALES,COMICS 22/02/2014 Purchase 823 BUS/M 08128 Books
    Fiction Main Library Main Library SHELF 4-G FAIRY TALES,COMICS 03/10/2019 Purchase 823 BUS/M 11543 Books